000 00894nam a22002657a 4500
001 BR6002332
003 BR-BrBNA
005 20230928083124.0
007 ta
008 230509b bl.||||| |||| 00| 0 por d
040 _aBR-BrBNA
_bpor
_cBiblioteca Nacional de Agricultura
041 _a(Por)
072 _aE70
_b/G514
090 _ E70 BR6002332
110 1 _aServico do Acordo de Classificacao no Estado do Parana, Curitiba (Brasil)
_99330
245 1 _aRelatorio das atividades tecnicas. Exercicio 1972 [Servico do Acordo de Classificacao no Estado do Parana; Brasil, produtos agropecuarios, fiscalizacao, beneficiamento, transporte]
260 3 _aCuritiba, PR (Brasil):
_c1973.
300 _a140 p.
500 _aNumerical data
650 _aESTATISTICA COMERCIAL
650 _aCONTROLE DE QUALIDADE
650 _aPARANA
909 _a202309
_bLucia
_c55
_dLucia Elande
942 _cBK
999 _c11683
_d11683